00325nam a22001217a 4500008004100000082001200041100001800053245005900071260002800130270002700158300001000185490000800195230824b ||||| |||| 00| 0 eng d a613-MAX aMaxwell, Jane aA Health Handbook for Women with DisabilitieshEnglish aDelhibA.I.C.B.cRohini aA.I.C.B. Rohini, Delhi a12x13 v1-7